000 00678nam a2200181 a 4500
001 000027966
005 20200930031235.0
008 110406s1997 dr 000 0 spa d
040 _aDO-SdBNP
_bspa
_cBNPHU
100 1 _aSalazar, Héctor Miguel
_955033
245 1 0 _aEstrategias para su agenda de modernización educativa. /
_cHéctor Miguel Salazar.
260 _aSanto Domingo, :
_bUnión de profesionales dominicanos (UPD),
_c1997.
300 _a32 p. ;
_c14 cm.
490 1 _aEducativa
_v2
500 _aSeminario: estrategías de integración de los colegios privados a la modernización del sistema educativo dominicano
830 0 _aEducativa
_v2
_955034
049 _aBNPD
999 _c27458
_d27458